MARC details
| 000 -CABECERA |
| campo de control de longitud fija |
01734nam a2200313 4500 |
| 003 - IDENTIFICADOR DEL NÚMERO DE CONTROL |
| campo de control |
EC-UNACH |
| 005 - FECHA Y HORA DE LA ÚLTIMA TRANSACCIÓN |
| campo de control |
20251031095528.0 |
| 006 - CÓDIGOS DE INFORMACIÓN DE LONGITUD FIJA--CARACTERÍSTICAS DEL MATERIAL ADICIONAL |
| campo de control de longitud fija |
s||||gr|||| 00| 00 |
| 008 - DATOS DE LONGITUD FIJA--INFORMACIÓN GENERAL |
| campo de control de longitud fija |
150116t9999 mx r gr 000 0 spa d |
| 020 ## - NÚMERO INTERNACIONAL ESTÁNDAR DEL LIBRO |
| Número Internacional Estándar del Libro |
9978-67-054-8 |
| 040 ## - FUENTE DE LA CATALOGACIÓN |
| Centro catalogador/agencia de origen |
EC-UNACH |
| Centro/agencia transcriptor |
EC-UNACH |
| 041 ## - CÓDIGO DE LENGUA |
| Código de lengua del texto/banda sonora o título independiente |
spa |
| 082 04 - NÚMERO DE LA CLASIFICACIÓN DECIMAL DEWEY |
| Número de edición |
23 |
| Número de clasificación |
302.2 |
| Número de documento/Ítem |
L017920 |
| 110 ## - ENTRADA PRINCIPAL--NOMBRE DE ENTIDAD CORPORATIVA |
| Nombre de entidad corporativa o nombre de jurisdicción como elemento de entrada |
Editorial el comercio |
| 245 ## - MENCIÓN DE TÍTULO |
| Título |
Controversia Ecuador hoy: cien miradas |
| 250 ## - MENCIÓN DE EDICIÓN |
| Mención de edición |
Primera edición |
| 264 ## - Producción, publicación, distribución, fabricación y copyright |
| Lugar de producción, publicación, distribución, fabricación |
Ecuador |
| Nombre del de productor, editor, distribuidor, fabricante |
Editorial el comercio |
| Fecha de de producción, publicación, distribución, fabricación o copyright |
2000 |
| 300 ## - DESCRIPCIÓN FÍSICA |
| Extensión |
319 |
| 505 ## - NOTA DE CONTENIDO CON FORMATO |
| Nota de contenido con formato |
1- Parte El ecuador en el espejo - Somos un pueblo sin identidad - Hay que hacer una minga de conciencias - La otra guerra de las naciones indias - la diversidad está en la nacionalidad - La crítica a sido anécdota - Los indígenas tienen derechos específicos - El facilismo es parte de la cultura nacional - - 2 Parte - De la política y las elites - Las elites se preocupan de sus problemas - Los gobiernos usan y abusan de los militares - Los militares no creen en cantos de sirena - La conaie no tiene proyecto convincente - Los políticos caminan a otro compas - - 3 Parte - La mirada desde afuera - La posmodernidad llego a las cupulas - La posmodernidad ha destruido conceptos - La posmodernidad es un hecho vital - La izquierda busca salidas de emergencia - La revolución de pensamiento es urgente - El buen líder no es autoritario. |
| 650 ## - PUNTO DE ACCESO ADICIONAL DE MATERIA--TÉRMINO DE MATERIA |
| Término de materia o nombre geográfico como elemento inicial |
En la nacionalidad esta la diversidad |
| 650 ## - PUNTO DE ACCESO ADICIONAL DE MATERIA--TÉRMINO DE MATERIA |
| Término de materia o nombre geográfico como elemento inicial |
Las elites se ocupan de sus problemas |
| 650 ## - PUNTO DE ACCESO ADICIONAL DE MATERIA--TÉRMINO DE MATERIA |
| Término de materia o nombre geográfico como elemento inicial |
La posmodernidad llegó a las cúpulas |
| 700 ## - PUNTO DE ACCESO ADICIONAL--NOMBRE DE PERSONA |
| Nombre de persona |
Milagros Aguirre |
| 942 ## - ELEMENTOS DE PUNTO DE ACCESO ADICIONAL (KOHA) |
| Fuente del sistema de clasificación o colocación |
Clasificación Decimal Dewey |
| Tipo de ítem Koha |
Libros |
| 999 ## - NÚMEROS DE CONTROL DE SISTEMA (KOHA) |
| Koha biblionumber |
14131 |